| 000 | 00717nam a2200229 i 4500 | ||
|---|---|---|---|
| 001 | 82117 | ||
| 003 | ES-MaACL | ||
| 005 | 20231020161048.0 | ||
| 007 | t| | ||
| 008 | 041123s1996 sp ||||1| spa d | ||
| 020 | _a84-01-38546-6 | ||
| 100 | 1 |
_aMahfuz, Naguib. _975531 |
|
| 245 | 1 | 4 |
_aLas noches de las mil y una noches / _cNaguib Mahfuz ; traducción de Mª Luisa Prieto. |
| 250 | _a1ª ed. | ||
| 260 |
_aBarcelona : _bPlaza & Janés, _c[1996] |
||
| 300 |
_a252 p. ; _c21 cm. |
||
| 490 | 1 |
_aAve Fénix ; _v46. _aSerie mayor |
|
| 700 | 1 |
_aPrieto, María Luisa. _993901 |
|
| 830 | 0 |
_aEl Ave Fénix. Serie mayor _v46. _9228243 |
|
| 852 |
_aES-MaACL _jE-10469 _bR.134593 |
||
| 999 |
_c82117 _d82117 |
||